[Event "II. CLANSKA LIGA ZAHOD 2012"]
[Site " Ljubljana"]
[Date "2012.10.19"]
[Round "1.1"]
[White "Janzelj, Tim"]
[Black "Rijavec, Stane"]
[Result "1-0"]
[WhiteElo "2247"]
[BlackElo "1901"]
[PlyCount "43"]
[EventDate "2012.10.19"]
[WhiteTeam "SK IG"]
[BlackTeam "SK TRZIN"]

1. d4 d5 2. c4 dxc4 3. e3 e6 4. Bxc4 Nf6 5. Nf3 c5 6. O-O a6 7. Qe2 Nc6 8. Rd1
Qc7 9. Nc3 Be7 10. a3 b5 11. Bd3 O-O 12. dxc5 Bxc5 13. b4 Be7 14. Bb2 Bb7 15.
Rac1 Rac8 16. Ne4 Nxe4 17. Bxe4 Qb6 18. Rd7 Rfd8 19. Bxc6 Rxc6 20. Rxc6 Qxc6
21. Rxe7 Qd6 22. Rxb7 1-0

[Event "II. CLANSKA LIGA ZAHOD 2012"]
[Site " Ljubljana"]
[Date "2012.10.19"]
[Round "1.2"]
[White "Urbanc, Vinko"]
[Black "Rozic, Samo"]
[Result "0-1"]
[WhiteElo "1916"]
[BlackElo "2085"]
[PlyCount "62"]
[EventDate "2012.10.19"]
[WhiteTeam "SK TRZIN"]
[BlackTeam "SK IG"]

1. c4 e5 2. g3 g6 3. Nc3 Nc6 4. Bg2 Bg7 5. d3 d6 6. Nf3 f5 7. Bg5 Nf6 8. Qc1
O-O 9. O-O Be6 10. b4 Qd7 11. b5 Nd8 12. Bxf6 Bxf6 13. Ng5 Bxg5 14. Qxg5 Kg7
15. f4 Nf7 16. Qh4 c6 17. bxc6 bxc6 18. g4 fxg4 19. Ne4 Nh6 20. Ng5 Bg8 21. Qe1
Nf5 22. Qa5 Rae8 23. Qa6 d5 24. cxd5 cxd5 25. e4 Ne3 26. Rfb1 Re7 27. Rb5 dxe4
28. Bxe4 Qd4 29. Rab1 Rxf4 30. Nf3 gxf3 31. Rb7 f2+ 0-1

[Event "II. CLANSKA LIGA ZAHOD 2012"]
[Site " Ljubljana"]
[Date "2012.10.19"]
[Round "1.3"]
[White "Hiti, Domen"]
[Black "Jukan, Nesib"]
[Result "1-0"]
[WhiteElo "2061"]
[BlackElo "1975"]
[PlyCount "51"]
[EventDate "2012.10.19"]
[WhiteTeam "SK IG"]
[BlackTeam "SK TRZIN"]

1. d4 d5 2. c4 e6 3. Nc3 Nf6 4. cxd5 exd5 5. Bg5 Be7 6. e3 O-O 7. Bd3 c6 8. Qc2
Nbd7 9. Nge2 Re8 10. O-O-O Nf8 11. h3 b5 12. Kb1 a5 13. g4 a4 14. Ng3 Qb6 15.
Rc1 Bd7 16. Nf5 Bd8 17. Rhg1 c5 18. Bxf6 Bxf6 19. Nxd5 Qd8 20. Nxf6+ Qxf6 21.
Qxc5 Rac8 22. Qb4 Rxc1+ 23. Rxc1 g6 24. Nd6 Re6 25. Ne4 Qf3 26. Ng5 1-0

[Event "II. CLANSKA LIGA ZAHOD 2012"]
[Site " Ljubljana"]
[Date "2012.10.19"]
[Round "1.4"]
[White "Banko, Franci"]
[Black "Zupec, Jan"]
[Result "0-1"]
[WhiteElo "1537"]
[BlackElo "1975"]
[PlyCount "68"]
[EventDate "2012.10.19"]
[WhiteTeam "SK TRZIN"]
[BlackTeam "SK IG"]

1. d4 Nf6 2. c4 c6 3. Nc3 d5 4. Qc2 dxc4 5. e4 b5 6. a3 e6 7. e5 Nd5 8. Nf3 Nd7
9. Be2 Bb7 10. Ng5 Be7 11. Nge4 a6 12. Bg5 Bxg5 13. Nd6+ Kf8 14. Nxb7 Qb6 15.
Ne4 Be7 16. Nbc5 Nxc5 17. Nxc5 Bxc5 18. dxc5 Qxc5 19. O-O g6 20. Qe4 Kg7 21. h4
h5 22. Rad1 a5 23. g4 hxg4 24. Qxg4 Qe7 25. Rd4 Rh6 26. Qg5 Qxg5+ 27. hxg5 Rh3
28. f4 Rah8 29. Kf2 Rb3 30. Rb1 Rh2+ 31. Ke1 Rh1+ 32. Bf1 Rf3 33. Kd2 Rf2+ 34.
Ke1 Rhxf1# 0-1

[Event "II. CLANSKA LIGA ZAHOD 2012"]
[Site " Ljubljana"]
[Date "2012.10.19"]
[Round "1.5"]
[White "Janzelj, Lara"]
[Black "Varga, Ivan"]
[Result "1-0"]
[WhiteElo "1775"]
[BlackElo "1512"]
[PlyCount "77"]
[EventDate "2012.10.19"]
[WhiteTeam "SK IG"]
[BlackTeam "SK TRZIN"]

1. d4 d5 2. c4 Nf6 3. Nc3 a6 4. Bg5 Be6 5. Bxf6 gxf6 6. Qb3 dxc4 7. Qxb7 Nd7 8.
d5 Bf5 9. e4 Bg6 10. Bxc4 Bh6 11. Nf3 Kf8 12. h4 Bh5 13. Nd4 Nc5 14. Qc6 Nd7
15. Nf5 Bg7 16. Ng3 Bg4 17. f3 Ne5 18. Qc5 Rb8 19. fxg4 Rxb2 20. Nge2 Nxg4 21.
Bb3 Ne5 22. O-O-O Rd2 23. Kxd2 c6 24. Kc2 Qc7 25. Nd4 Bh6 26. dxc6 Rg8 27. Rhg1
Be3 28. Ne6+ fxe6 29. Qxe3 Nxc6 30. Qc5 Kf7 31. Bxe6+ Kg7 32. Rd7 Qg3 33. Rgd1
Rb8 34. Qxc6 Kh6 35. Rxe7 Rh8 36. Bf5 Qf2+ 37. Rd2 Qxh4 38. g3 Qg5 39. Rh2+ 1-0

[Event "II. CLANSKA LIGA ZAHOD 2012"]
[Site " Ljubljana"]
[Date "2012.10.20"]
[Round "2.1"]
[White "Biti, Ozren"]
[Black "Oberc, Marjan"]
[Result "1-0"]
[WhiteElo "2380"]
[BlackElo "2049"]
[PlyCount "59"]
[EventDate "2012.10.20"]
[WhiteTeam "SD HIDRIA AET TOLMIN"]
[BlackTeam "SK TRZIN"]

1. e4 c5 2. Nc3 Nc6 3. Bb5 a6 4. Bxc6 bxc6 5. f4 d5 6. d3 e6 7. Nf3 Nf6 8. O-O
Be7 9. Qe2 c4 10. dxc4 dxe4 11. Nxe4 a5 12. Rd1 Qb6+ 13. Be3 c5 14. Nc3 Ng4 15.
Bd2 O-O 16. b3 Rd8 17. Rab1 Bb7 18. Na4 Qc7 19. Nb2 Nf6 20. Nd3 Ne4 21. Be1 Bd6
22. a4 f6 23. Nf2 Qc6 24. Rd3 Bc7 25. Rbd1 Kf7 26. Qe3 h6 27. Nxe4 Qxe4 28.
Qxc5 Bc6 29. Bf2 g5 30. Re1 1-0

[Event "II. CLANSKA LIGA ZAHOD 2012"]
[Site " Ljubljana"]
[Date "2012.10.20"]
[Round "2.3"]
[White "Raspor, Gregor"]
[Black "Rojs, Igor"]
[Result "0-1"]
[WhiteElo "2114"]
[BlackElo "1978"]
[PlyCount "76"]
[EventDate "2012.10.20"]
[WhiteTeam "SD HIDRIA AET TOLMIN"]
[BlackTeam "SK TRZIN"]

1. d4 Nf6 2. c4 d6 3. Nf3 Bf5 4. Nh4 Bg6 5. Nxg6 hxg6 6. Nc3 c6 7. e4 e5 8. Be3
Nbd7 9. Be2 Be7 10. Qd2 Qc7 11. f4 Nh5 12. Bxh5 Rxh5 13. O-O Bf6 14. fxe5 dxe5
15. d5 Be7 16. Rad1 Bc5 17. Bxc5 Nxc5 18. Qf2 Na6 19. d6 Qd7 20. c5 f6 21. Rb1
Qe6 22. b4 O-O-O 23. a4 Rdh8 24. h3 Rg5 25. Kh2 Qc4 26. Rfc1 Nxb4 27. Nd5 Nd3
28. Qe2 Qd4 29. Rd1 cxd5 30. Rxd3 Qxe4 31. Re3 Rxg2+ 32. Qxg2 Qxe3 33. Rb2 Qf4+
34. Kg1 Qe4 35. Qg3 Rh5 36. Qb3 Rg5+ 37. Kh2 Qf4+ 38. Kh1 Qf1+ 0-1

[Event "II. CLANSKA LIGA ZAHOD 2012"]
[Site " Ljubljana"]
[Date "2012.10.20"]
[Round "2.4"]
[White "Jukan, Nesib"]
[Black "Ursic, Mateja"]
[Result "0-1"]
[WhiteElo "1975"]
[BlackElo "2071"]
[PlyCount "34"]
[EventDate "2012.10.20"]
[WhiteTeam "SK TRZIN"]
[BlackTeam "SD HIDRIA AET TOLMIN"]

1. d4 c5 2. dxc5 e6 3. Nc3 Bxc5 4. Nf3 Nf6 5. e3 d5 6. Bd3 O-O 7. O-O Nc6 8. a3
e5 9. e4 Bg4 10. Nxd5 Nxd5 11. exd5 Nd4 12. c3 Nxf3+ 13. gxf3 Bh3 14. Re1 Qh4
15. Qc2 f5 16. Bf1 Rf6 17. Be3 Rg6+ 0-1

[Event "II. CLANSKA LIGA ZAHOD 2012"]
[Site " Ljubljana"]
[Date "2012.10.20"]
[Round "2.5"]
[White "Anakiev, Dimitar"]
[Black "Mlakar, Slavko"]
[Result "1-0"]
[WhiteElo "2046"]
[BlackElo "1794"]
[PlyCount "65"]
[EventDate "2012.10.20"]
[WhiteTeam "SD HIDRIA AET TOLMIN"]
[BlackTeam "SK TRZIN"]

1. d4 Nf6 2. Nf3 e6 3. Bg5 Be7 4. Nbd2 d5 5. e3 b6 6. c3 O-O 7. Ne5 Nfd7 8.
Bxe7 Qxe7 9. f4 f6 10. Nef3 e5 11. Qb3 c6 12. O-O-O e4 13. Ng1 a5 14. a3 Bb7
15. f5 b5 16. Nh3 Rc8 17. Nf4 b4 18. c4 Ra7 19. a4 c5 20. Kb1 cxd4 21. exd4 e3
22. Re1 Re8 23. Nxd5 Bxd5 24. cxd5 Nb6 25. d6+ Qf7 26. Rxe3 Qxb3 27. Rxe8+ Kf7
28. Nxb3 Kxe8 29. Bb5+ Kd8 30. Nc5 g6 31. Re1 N8d7 32. Re7 gxf5 33. Rxh7 1-0

[Event "II. CLANSKA LIGA ZAHOD 2012"]
[Site " Ljubljana"]
[Date "2012.10.20"]
[Round "2.6"]
[White "Markic, Vladimir"]
[Black "Hozjan, Erik"]
[Result "1/2-1/2"]
[WhiteElo "1763"]
[BlackElo "1758"]
[PlyCount "39"]
[EventDate "2012.10.20"]
[WhiteTeam "SK TRZIN"]
[BlackTeam "SD HIDRIA AET TOLMIN"]

1. d4 Nf6 2. Nf3 e6 3. e3 d5 4. Bd3 c5 5. c3 Nc6 6. Nbd2 cxd4 7. exd4 Bd6 8.
O-O O-O 9. Qe2 Qc7 10. Re1 Re8 11. Ne5 Bxe5 12. dxe5 Nd7 13. f4 f5 14. Nf3 Nc5
15. Bc2 b6 16. Be3 Ba6 17. Qf2 Ne4 18. Qh4 Qe7 19. Qxe7 Rxe7 20. Nd4 1/2-1/2

[Event "II. CLANSKA LIGA ZAHOD 2012"]
[Site " Ljubljana"]
[Date "2012.10.20"]
[Round "2.1"]
[White "Kodric, Vladimir"]
[Black "Janzelj, Tim"]
[Result "0-1"]
[WhiteElo "1946"]
[BlackElo "2247"]
[PlyCount "50"]
[EventDate "2012.10.20"]
[WhiteTeam "SK LOSKA DOLINA"]
[BlackTeam "SK IG"]

1. d4 Nf6 2. c3 b6 3. Nd2 Bb7 4. Qc2 e6 5. e4 c5 6. Ngf3 cxd4 7. Nxd4 d6 8.
Bb5+ Nbd7 9. O-O Qc7 10. Re1 Be7 11. Qa4 O-O 12. h3 a6 13. Bf1 Nc5 14. Qc2 Rac8
15. f3 Nh5 16. Nc4 Bh4 17. Rd1 f5 18. exf5 e5 19. Ne6 Nxe6 20. fxe6 e4 21. Be3
exf3 22. Nxd6 f2+ 23. Kh1 Ng3+ 24. Kh2 Nxf1+ 25. Rxf1 Qxd6+ 0-1

[Event "II. CLANSKA LIGA ZAHOD 2012"]
[Site " Ljubljana"]
[Date "2012.10.20"]
[Round "2.2"]
[White "Rozic, Samo"]
[Black "Stanic, Simon"]
[Result "1-0"]
[WhiteElo "2085"]
[BlackElo "1985"]
[PlyCount "51"]
[EventDate "2012.10.20"]
[WhiteTeam "SK IG"]
[BlackTeam "SK LOSKA DOLINA"]

1. e4 g6 2. Nc3 Bg7 3. f4 d6 4. Nf3 c5 5. g3 Nc6 6. Bg2 Bg4 7. d3 Nd4 8. O-O b5
9. Nd5 e6 10. Ne3 Bxf3 11. Bxf3 Nxf3+ 12. Qxf3 Rb8 13. g4 h5 14. g5 Bd4 15. c3
Bxe3+ 16. Qxe3 Ne7 17. b3 Qb6 18. f5 c4 19. d4 O-O 20. fxg6 fxg6 21. Rf6 d5 22.
Ba3 Rb7 23. Raf1 Rxf6 24. gxf6 Nc8 25. Qh6 Qc7 26. Qxg6+ 1-0

[Event "II. CLANSKA LIGA ZAHOD 2012"]
[Site " Ljubljana"]
[Date "2012.10.20"]
[Round "2.3"]
[White "Kljun, Anton"]
[Black "Hiti, Domen"]
[Result "0-1"]
[WhiteElo "1813"]
[BlackElo "2061"]
[PlyCount "67"]
[EventDate "2012.10.20"]
[WhiteTeam "SK LOSKA DOLINA"]
[BlackTeam "SK IG"]

1. g3 d5 2. c3 Nf6 3. d4 e6 4. Bg2 Be7 5. f4 O-O 6. Nd2 c5 7. e3 Nc6 8. Ngf3
Ne4 9. Nxe4 dxe4 10. Ne5 f5 11. a3 Nxe5 12. fxe5 cxd4 13. exd4 Qd5 14. Be3 Bd7
15. Bf1 Bb5 16. Bxb5 Qxb5 17. Qe2 Qxe2+ 18. Kxe2 g5 19. h4 g4 20. c4 Rfd8 21.
Rhd1 b6 22. Rd2 Rd7 23. d5 Rad8 24. d6 Bf8 25. Rc1 Rc8 26. b4 Kf7 27. c5 Bg7
28. Bf4 Rc6 29. Rdc2 b5 30. a4 a6 31. axb5 axb5 32. Ra1 Ke8 33. Ra8+ Rd8 34.
d7+ 0-1

[Event "II. CLANSKA LIGA ZAHOD 2012"]
[Site " Ljubljana"]
[Date "2012.10.20"]
[Round "2.5"]
[White "Stanic, Vitko"]
[Black "Zupec, Nejc"]
[Result "1/2-1/2"]
[WhiteElo "1796"]
[BlackElo "1870"]
[PlyCount "71"]
[EventDate "2012.10.20"]
[WhiteTeam "SK LOSKA DOLINA"]
[BlackTeam "SK IG"]

1. d4 d5 2. Nf3 Nf6 3. g3 Bg4 4. Bg2 e6 5. O-O Bd6 6. Nbd2 O-O 7. Re1 c5 8. c3
Nc6 9. dxc5 Bxc5 10. Nb3 Be7 11. Bg5 Qb6 12. Be3 Qc7 13. Bc5 Rfe8 14. Bxe7 Rxe7
15. Nbd2 Rd8 16. h3 Bh5 17. g4 Bg6 18. Nh4 Ne5 19. Nxg6 Nxg6 20. e3 Nh4 21. Qa4
Nxg2 22. Kxg2 a6 23. Rac1 Nd7 24. Qc2 Ne5 25. f4 Ng6 26. Nf3 b5 27. a3 Rc8 28.
h4 e5 29. h5 e4 30. Nh2 Nf8 31. Qd2 Qd6 32. Rcd1 Rd8 33. Nf1 Ne6 34. Ng3 Red7
35. Nf5 Qf8 36. Nd4 1/2-1/2

[Event "II. CLANSKA LIGA ZAHOD 2012"]
[Site " Ljubljana"]
[Date "2012.10.20"]
[Round "2.6"]
[White "Janzelj, Lara"]
[Black "Bavec, Vinko"]
[Result "1-0"]
[WhiteElo "1775"]
[BlackElo "1615"]
[PlyCount "55"]
[EventDate "2012.10.20"]
[WhiteTeam "SK IG"]
[BlackTeam "SK LOSKA DOLINA"]

1. d4 d5 2. c4 Nf6 3. Nc3 dxc4 4. e4 c6 5. Bxc4 e6 6. a3 Be7 7. Nf3 h6 8. O-O
O-O 9. Re1 Re8 10. Be3 Nh7 11. Qd2 Ng5 12. Nxg5 hxg5 13. f4 gxf4 14. Bxf4 Nd7
15. Re3 Bg5 16. Rg3 Bxf4 17. Qxf4 Qf6 18. Qe3 g6 19. Rf1 Qg7 20. h4 Kh7 21. e5
Nb6 22. Bd3 Nd5 23. Nxd5 exd5 24. h5 Re6 25. Rxf7 Qxf7 26. hxg6+ Kg7 27. gxf7+
Kxf7 28. Qf4+ 1-0

[Event "II. CLANSKA LIGA ZAHOD 2012"]
[Site " Ljubljana"]
[Date "2012.10.20"]
[Round "2.1"]
[White "Bogdanovski, Vlatko"]
[Black "Solmajer, Luka"]
[Result "1/2-1/2"]
[WhiteElo "2449"]
[BlackElo "2048"]
[PlyCount "76"]
[EventDate "2012.10.20"]
[WhiteTeam "SD KOPER"]
[BlackTeam "SS KC DR. LOJZ KRAIGHER LJUBLJANA"]

1. d4 d5 2. c4 c6 3. Nf3 Nf6 4. e3 e6 5. Bd3 Nbd7 6. O-O Bd6 7. Nc3 O-O 8. e4
dxe4 9. Nxe4 Nxe4 10. Bxe4 e5 11. dxe5 Nxe5 12. Nxe5 Bxe5 13. Bxh7+ Kxh7 14.
Qh5+ Kg8 15. Qxe5 Re8 16. Qc3 Bf5 17. Be3 Re6 18. Rfd1 Qe7 19. Rd2 Re8 20. Rad1
Rg6 21. Rd4 Be4 22. g3 Qe6 23. Rxe4 Qxe4 24. Bxa7 Re5 25. Be3 Rge6 26. a3 b5
27. Rd4 Qf3 28. Rf4 Qd1+ 29. Kg2 Qe2 30. Bd4 Re4 31. Rf3 Qxc4 32. Bxg7 Qxc3 33.
Bxc3 Kf8 34. Rf5 Rc4 35. h4 c5 36. h5 b4 37. axb4 cxb4 38. Bf6 Rec6 {nejasno 
(59)} 1/2-1/2

[Event "II. CLANSKA LIGA ZAHOD 2012"]
[Site " Ljubljana"]
[Date "2012.10.20"]
[Round "2.3"]
[White "Sirnik, Bostjan"]
[Black "Kodela, Marko"]
[Result "1-0"]
[WhiteElo "2233"]
[BlackElo "1983"]
[PlyCount "71"]
[EventDate "2012.10.20"]
[WhiteTeam "SD KOPER"]
[BlackTeam "SS KC DR. LOJZ KRAIGHER LJUBLJANA"]

1. d4 Nf6 2. Nf3 g6 3. Bf4 Bg7 4. e3 d6 5. h3 O-O 6. Be2 c6 7. c4 a6 8. O-O
Nbd7 9. a3 b5 10. Nbd2 bxc4 11. Nxc4 c5 12. Rc1 Bb7 13. Bh2 Ne4 14. dxc5 Ndxc5
15. b4 Ne6 16. Na5 Qb6 17. Nd2 Nxd2 18. Qxd2 Rac8 19. Qd3 Rxc1 20. Rxc1 Rc8 21.
Rc4 Rd8 22. Nxb7 Qxb7 23. Bf3 Qb5 24. Bc6 Qb6 25. Bg3 a5 26. b5 Nc5 27. Qc2 a4
28. Bh4 f6 29. f3 Rc8 30. Bf2 e5 31. e4 Bf8 32. Rxa4 Rxc6 33. bxc6 Qb5 34. c7
Qb7 35. Qc4+ Kg7 36. Ra7 1-0

[Event "II. CLANSKA LIGA ZAHOD 2012"]
[Site " Ljubljana"]
[Date "2012.10.20"]
[Round "2.4"]
[White "Pajnhart, Tadej"]
[Black "Vrcon, Damijan"]
[Result "0-1"]
[WhiteElo "1860"]
[BlackElo "2167"]
[PlyCount "68"]
[EventDate "2012.10.20"]
[WhiteTeam "SS KC DR. LOJZ KRAIGHER LJUBLJANA"]
[BlackTeam "SD KOPER"]

1. e4 c5 2. Nf3 Nc6 3. d4 cxd4 4. Nxd4 g6 5. Nc3 Bg7 6. Be3 Nf6 7. Bc4 O-O 8.
Bb3 a5 9. f3 d5 10. exd5 Nb4 11. Nde2 a4 12. Nxa4 Nbxd5 13. Bd2 Qc7 14. O-O b5
15. Nac3 Nb6 16. Kh1 b4 17. Nb1 Nc4 18. Bxc4 Qxc4 19. b3 Qc5 20. c3 Nd5 21. Qc1
Ba6 22. Re1 Bxe2 23. Rxe2 bxc3 24. Bh6 Bxh6 25. Qxh6 c2 26. Qc1 cxb1=Q 27. Rxb1
Qxc1+ 28. Rxc1 Rfc8 29. Rxc8+ Rxc8 30. h3 e6 31. Kg1 Kf8 32. Kf2 Ke7 33. g3 Rc3
34. Rb2 Nb4 0-1

[Event "II. CLANSKA LIGA ZAHOD 2012"]
[Site " Ljubljana"]
[Date "2012.10.20"]
[Round "2.5"]
[White "Brecevic, Vladko"]
[Black "Pecnik, Primoz"]
[Result "1/2-1/2"]
[WhiteElo "2112"]
[BlackElo "1818"]
[PlyCount "118"]
[EventDate "2012.10.20"]
[WhiteTeam "SD KOPER"]
[BlackTeam "SS KC DR. LOJZ KRAIGHER LJUBLJANA"]

1. e4 d5 2. exd5 Nf6 3. d4 Bg4 4. Be2 Bxe2 5. Qxe2 Qxd5 6. Nf3 e6 7. O-O Be7 8.
Nc3 Qd7 9. Ne4 Nxe4 10. Qxe4 c6 11. Qg4 Bf6 12. c3 Na6 13. Bg5 O-O-O 14. Bxf6
gxf6 15. Qf4 Qe7 16. Rad1 Nc7 17. c4 Ne8 18. d5 exd5 19. cxd5 Rxd5 20. Rxd5
cxd5 21. Rc1+ Nc7 22. Nd4 Re8 23. Nf3 Rd8 24. h3 Kb8 25. Qh4 Ne6 26. Qxh7 Ng5
27. Qf5 Nxf3+ 28. Qxf3 d4 29. Qg3+ Qe5 30. Re1 Qxg3 31. fxg3 Kc7 32. Kf2 Kd6
33. Ke2 Rg8 34. Kf3 Rc8 35. Re2 Rc5 36. Ke4 Re5+ 37. Kd3 Kd5 38. g4 b5 39. Rf2
Re3+ 40. Kd2 Rg3 41. b3 d3 42. Rf3 Rxg2+ 43. Kxd3 Rxa2 44. Rf5+ Ke6 45. Rxb5 a5
46. Ke4 Rh2 47. Rxa5 Rxh3 48. Ra6+ Ke7 49. Rb6 Rh1 50. Rc6 Re1+ 51. Kd3 Rd1+
52. Kc2 Rg1 53. Rc4 Ke6 54. Rc6+ Ke5 55. Rc5+ Kd6 56. Rc4 f5 57. gxf5 Rf1 58.
b4 Rxf5 59. Kd3 Rf1 1/2-1/2

[Event "II. CLANSKA LIGA ZAHOD 2012"]
[Site " Ljubljana"]
[Date "2012.10.20"]
[Round "2.6"]
[White "Luci, Andrej"]
[Black "Kerma, Simon"]
[Result "0-1"]
[WhiteElo "1500"]
[BlackElo "2126"]
[PlyCount "52"]
[EventDate "2012.10.20"]
[WhiteTeam "SS KC DR. LOJZ KRAIGHER LJUBLJANA"]
[BlackTeam "SD KOPER"]

1. d4 Nf6 2. c4 e6 3. Nc3 Bb4 4. Bd2 b6 5. f3 O-O 6. e4 c5 7. Nce2 Bxd2+ 8.
Qxd2 Ba6 9. b3 d5 10. e5 Nfd7 11. cxd5 exd5 12. Nc3 Bxf1 13. Kxf1 cxd4 14. Qxd4
Nc6 15. Qxd5 Ncxe5 16. Nge2 Rc8 17. Kf2 Qh4+ 18. g3 Qh5 19. Nf4 Qf5 20. Rac1
Nf6 21. Qd2 Rfd8 22. Qc2 Rd3 23. Nxd3 Qxf3+ 24. Kg1 Nxd3 25. Qe2 Qxe2 26. Nxe2
Nxc1 0-1

[Event "II. CLANSKA LIGA ZAHOD 2012"]
[Site " Ljubljana"]
[Date "2012.10.20"]
[Round "2.1"]
[White "Zeleznik, Alojz"]
[Black "Markoja, Sebastijan"]
[Result "0-1"]
[WhiteElo "2202"]
[BlackElo "2048"]
[PlyCount "38"]
[EventDate "2012.10.20"]
[WhiteTeam "SD JESENICE"]
[BlackTeam "SK KOMENDA"]

1. e4 e5 2. Nf3 Nc6 3. Bb5 a6 4. Bxc6 dxc6 5. O-O Bd6 6. d4 exd4 7. Qxd4 f6 8.
Nbd2 Be6 9. Nb3 b6 10. e5 Be7 11. Bf4 Bd5 12. Qe3 f5 13. Rfd1 Qc8 14. Rac1 b5
15. Qc3 a5 16. Nbd4 Bb4 17. Qd3 Ne7 18. a3 Bc4 19. Qe3 Nd5 0-1

[Event "II. CLANSKA LIGA ZAHOD 2012"]
[Site " Ljubljana"]
[Date "2012.10.20"]
[Round "2.2"]
[White "Kobold, Andrej"]
[Black "Jeraj, Zlatko"]
[Result "1/2-1/2"]
[WhiteElo "1890"]
[BlackElo "2070"]
[PlyCount "121"]
[EventDate "2012.10.20"]
[WhiteTeam "SK KOMENDA"]
[BlackTeam "SD JESENICE"]

1. e4 e5 2. Nf3 Nc6 3. Bc4 Be7 4. d4 d6 5. dxe5 dxe5 6. Qxd8+ Bxd8 7. Nc3 Nge7
8. Be3 O-O 9. Bc5 Bg4 10. O-O-O b6 11. Bxe7 Nxe7 12. Rd3 Ng6 13. Ne2 c6 14.
Rhd1 b5 15. Bb3 Bb6 16. h3 Bxf3 17. Rxf3 Rad8 18. Rxd8 Bxd8 19. g3 Ne7 20. Nc3
a5 21. a4 b4 22. Nd1 Bb6 23. Ne3 Bxe3+ 24. Rxe3 g6 25. Rd3 Ra8 26. Rf3 Rf8 27.
Kd2 Kg7 28. c3 bxc3+ 29. Kxc3 f5 30. exf5 gxf5 31. Rd3 f4 32. Rd7 Kf6 33. g4 h6
34. Rd6+ Kg7 35. Re6 Ng6 36. Rxc6 e4 37. Bc2 Re8 38. Rc4 e3 39. fxe3 f3 40.
Rc7+ Ne7 41. Kd2 Kf6 42. Rc5 Ke6 43. Ke1 Kd6 44. Rc4 Nd5 45. e4 Ne3 46. Rc3
Nxc2+ 47. Rxc2 Rxe4+ 48. Kf2 Rxa4 49. Kxf3 Rb4 50. h4 a4 51. Rg2 Ke6 52. Ke3 a3
53. bxa3 Rb3+ 54. Kf4 Rxa3 55. Re2+ Kf7 56. Rd2 Ra4+ 57. Kf5 Ra5+ 58. Ke4 Ra7
59. Rd5 Kf6 60. Rd6+ Kg7 61. Re6 1/2-1/2

[Event "II. CLANSKA LIGA ZAHOD 2012"]
[Site " Ljubljana"]
[Date "2012.10.20"]
[Round "2.3"]
[White "Hasanagic, Anel"]
[Black "Leonardi, Caterina"]
[Result "1-0"]
[WhiteElo "2102"]
[BlackElo "1868"]
[PlyCount "61"]
[EventDate "2012.10.20"]
[WhiteTeam "SD JESENICE"]
[BlackTeam "SK KOMENDA"]

1. e4 e6 2. d3 d5 3. Nc3 Nf6 4. e5 Nfd7 5. f4 c5 6. Nf3 Be7 7. g3 Nc6 8. Bg2
Rb8 9. O-O b5 10. Ne2 O-O 11. Be3 Nb6 12. g4 f6 13. exf6 Rxf6 14. Bf2 d4 15. c3
Rg6 16. g5 e5 17. f5 Rd6 18. cxd4 cxd4 19. Ng3 Nd5 20. Ne4 Rd7 21. Rc1 Bb7 22.
Rxc6 Bxc6 23. Nxe5 Rc7 24. f6 Bd6 25. f7+ Kf8 26. Nxd6 Qxd6 27. Nxc6 Qxc6 28.
Bg3 Rbc8 29. Bxc7 Rxc7 30. Qe2 Rc8 31. Qe4 1-0

[Event "II. CLANSKA LIGA ZAHOD 2012"]
[Site " Ljubljana"]
[Date "2012.10.20"]
[Round "2.4"]
[White "Lucovnik, Tilen"]
[Black "Hrenic, Misa"]
[Result "0-1"]
[WhiteElo "1883"]
[BlackElo "2057"]
[PlyCount "52"]
[EventDate "2012.10.20"]
[WhiteTeam "SK KOMENDA"]
[BlackTeam "SD JESENICE"]

1. e4 e5 2. Nf3 Nc6 3. c3 d5 4. Qa4 f6 5. Bb5 Nge7 6. O-O dxe4 7. Qxe4 Bf5 8.
Qe2 a6 9. Bxc6+ Nxc6 10. d4 Qd5 11. Re1 O-O-O 12. c4 Qf7 13. d5 Nb4 14. Na3 c6
15. dxc6 Nxc6 16. b3 Bb4 17. Rd1 Rxd1+ 18. Qxd1 Rd8 19. Qe2 Bc3 20. Rb1 Bd3 21.
Qe3 Bxb1 22. Qxc3 Rd1+ 23. Ne1 Nd4 24. Kf1 Bd3+ 25. Qxd3 Rxd3 26. Nxd3 Qh5 0-1

[Event "II. CLANSKA LIGA ZAHOD 2012"]
[Site " Ljubljana"]
[Date "2012.10.20"]
[Round "2.5"]
[White "Pazlar, Marko"]
[Black "Unuk, Laura"]
[Result "0-1"]
[WhiteElo "2043"]
[BlackElo "1948"]
[PlyCount "110"]
[EventDate "2012.10.20"]
[WhiteTeam "SD JESENICE"]
[BlackTeam "SK KOMENDA"]

1. Nf3 g6 2. d4 Bg7 3. g3 d6 4. Bg2 Nf6 5. O-O O-O 6. Nc3 c6 7. e4 Nbd7 8. h3
e5 9. dxe5 dxe5 10. Be3 Qc7 11. Qc1 b6 12. Rd1 Ba6 13. a4 Rad8 14. b4 Bb7 15.
Bg5 a5 16. bxa5 bxa5 17. Qe3 Ba6 18. Bf1 Bxf1 19. Kxf1 Rb8 20. Rab1 Rb4 21. Kg2
Rfb8 22. Rbc1 Nb6 23. Ra1 Nbd7 24. Rd2 Rc4 25. Rad1 Nc5 26. Nxe5 Rxc3 27. Qxc3
Nfxe4 28. Rd8+ Rxd8 29. Rxd8+ Qxd8 30. Bxd8 Nxc3 31. Nxc6 N5xa4 32. Bxa5 f5 33.
f3 Kf7 34. Kf2 Ke6 35. Nb4 Nb2 36. Bd8 Bf8 37. Nd3 Nxd3+ 38. cxd3 Kd5 39. Bf6
Nb5 40. g4 f4 41. h4 Bc5+ 42. Kg2 Bd4 43. Bd8 Nd6 44. Kh3 Nf7 45. Bc7 Ne5 46.
g5 Nxd3 47. h5 Ke6 48. Kg4 Be3 49. Bd8 Nf2+ 50. Kh4 Kf5 51. Be7 Nd3 52. hxg6
hxg6 53. Kh3 Ne1 54. Kh2 Nxf3+ 55. Kg2 Nxg5 0-1

[Event "II. CLANSKA LIGA ZAHOD 2012"]
[Site " Ljubljana"]
[Date "2012.10.20"]
[Round "2.6"]
[White "Bernik, Alja"]
[Black "Ravnik, Franc"]
[Result "1/2-1/2"]
[WhiteElo "1680"]
[BlackElo "1901"]
[PlyCount "157"]
[EventDate "2012.10.20"]
[WhiteTeam "SK KOMENDA"]
[BlackTeam "SD JESENICE"]

1. e4 c5 2. Nc3 Nc6 3. g3 d6 4. Bg2 Nf6 5. f4 Nd4 6. h3 e6 7. Nf3 e5 8. fxe5
Nxf3+ 9. Qxf3 dxe5 10. d3 Be7 11. O-O O-O 12. Nd1 Be6 13. Ne3 Qd7 14. g4 g6 15.
Nd1 Ne8 16. Bh6 Ng7 17. Qe2 f6 18. Bd2 Rad8 19. a4 c4 20. Nf2 cxd3 21. cxd3 Bb3
22. a5 Bc2 23. Be3 Bxd3 24. Nxd3 Qxd3 25. Qxd3 Rxd3 26. Bxa7 Rd2 27. Rf2 Rfd8
28. Be3 R2d3 29. Bb6 Rc8 30. Bf1 Rd6 31. Kg2 Ne6 32. Bb5 Kg7 33. Be3 Bd8 34. a6
bxa6 35. Rxa6 Rxa6 36. Bxa6 Rb8 37. Bc4 Nf8 38. b3 g5 39. Bxg5 Nd7 40. Be3 Bb6
41. Bxb6 Rxb6 42. Kf3 Nc5 43. Rb2 Rb4 44. Ke3 Kg6 45. Kf3 Kg5 46. Rb1 Nb7 47.
Re1 Na5 48. Bd5 Nxb3 49. Re3 Nd4+ 50. Kg3 Nb5 51. h4+ Kg6 52. Rb3 Rxb3+ 53.
Bxb3 h5 54. gxh5+ Kxh5 55. Bd1+ Kh6 56. Kg4 Nd4 57. Kg3 Kg6 58. Kg4 Ne6 59. h5+
Kg7 60. Kf5 Nd4+ 61. Kg4 Kh6 62. Kh4 Kh7 63. Kg4 Kg7 64. Kh4 Kh7 65. Kg4 Kh6
66. Kh4 Ne6 67. Kg4 Ng7 68. Kh4 Ne8 69. Kg4 Nd6 70. Bf3 Kg7 71. Kg3 Nf7 72. Kg4
Nh6+ 73. Kg3 Kf7 74. Bd1 Ke7 75. Kf3 Kd6 76. Bb3 Kc5 77. Ba2 Kd4 78. Bb3 Kd3
79. Be6 1/2-1/2

[Event "II. CLANSKA LIGA ZAHOD 2012"]
[Site " Ljubljana"]
[Date "2012.10.20"]
[Round "2.1"]
[White "Bajzelj, Primoz"]
[Black "Plenca, Julijan"]
[Result "0-1"]
[WhiteElo "2049"]
[BlackElo "2327"]
[PlyCount "94"]
[EventDate "2012.10.20"]
[WhiteTeam "SD SIMP RADOVLJICA"]
[BlackTeam "MATRIKA ZVO - STARI TRG PRI KOLPI"]

1. d4 Nf6 2. c4 g6 3. Nc3 d5 4. cxd5 Nxd5 5. e4 Nxc3 6. bxc3 Bg7 7. Be3 c5 8.
Bc4 O-O 9. Ne2 Nc6 10. O-O Na5 11. Bd3 b6 12. Qd2 Qc7 13. Rac1 Rd8 14. f4 f5
15. e5 c4 16. Bc2 Bb7 17. Kh1 Bd5 18. Ng1 Qb7 19. Nf3 Nc6 20. Rb1 e6 21. Ne1
Bf8 22. Bd1 Be4 23. Bc2 Bd5 24. Bd1 b5 25. Bf3 a5 26. Bxd5 Rxd5 27. Qe2 Qa6 28.
Rc1 Ba3 29. Rb1 Bf8 30. Rc1 Rc8 31. Nf3 Ne7 32. Nd2 Rd7 33. Rc2 Nd5 34. Nb1 b4
35. Rfc1 Rdc7 36. a3 b3 37. Rb2 Qc6 38. Rf1 Qa4 39. Bc1 Bxa3 40. Ra2 bxa2 41.
Qxa2 Qb3 42. Qxb3 cxb3 43. Bxa3 Nxc3 44. Bc5 Nxb1 45. Rxb1 a4 46. h4 Rxc5 47.
dxc5 Rxc5 0-1